000 00693nam a2200289Ia 4500
005 20260324122903.0
008 008 260324s9999 xx 000 0 eng d
020 _a9780203695616
037 _aEBOOK
040 _aCRL
040 _beng
040 _cCRL
041 _2eng
041 _aeng
084 _qCRL
100 _aInger Skjelsbæk
_91168210
245 4 _aThe Political Psychology of War Rape
245 0 _bStudies from Bosnia and Herzegovina
260 _bTaylor and Francis
260 _c2012
365 _a
365 _b240
856 _uhttp://www.taylorfrancis.com/books/9780203695616
942 _cEBOOK
999 _c1761270
_d1761270